| 000 -ლიდერი |
| ფიქსირებული სიგრძის საკონტროლო ველი |
01747nam a2200289Ia 4500 |
| 001 - საკონტროლო ნომერი |
| საკონტროლო ველი |
20292 |
| 003 - საკონტროლო ნომრის იდენტიფიკატორი |
| საკონტროლო ველი |
GE_BSU |
| 005 - ბოლო ოპერაციის თარიღი და დრო |
| საკონტროლო ველი |
20200826222640.0 |
| 008 - ფიქსირებული სიგრძის მონაცემთა ელემენტები - ზოგადი ინფორმაცია |
| ფიქსირებული სიგრძის საკონტროლო ველი |
181216s2014||||ge |||||||||||||| ||geo|| |
| 020 ## - წიგნის საერთაშორისო სტანდარტული ნომერი |
| International Standard Book Number |
978-9941-0-7062-4 |
| 020 ## - წიგნის საერთაშორისო სტანდარტული ნომერი |
| Terms of availability |
ონლაინ რესურსები: გვ.361-362 |
| 040 ## - კატალოგიზაციის წყარო |
| Transcribing agency |
GE_BSU |
| 041 ## - ენის კოდი |
| Language code of text/sound track or separate title |
geo |
| 080 ## - უნივერსალური ათობითი კლასიფიკაციის ინდექსი |
| Universal Decimal Classification number |
070 : 34 ჯ-71 |
| 100 ## - მთავარი ჩანაწერი - პიროვნების სახელი |
| Personal name |
ჯორბენაძე, სერგი |
| 9 (RLIN) |
9343 |
| 245 ## - ცნობა სათაურის შესახებ |
| Title |
მედიასამართალი : |
| Remainder of title |
სახელმძღვანელო / |
| Statement of responsibility, etc |
სერგი ჯორბენაძე, უშანგი ბახტაძე, ზურაბ მაჭარაძე ; სერგი ჯორბენაძის საერთო რედაქციით. |
| 264 ## - წარმოების, გამოცემის, დისტრიბუციის და სხვა ცნობები |
| გამოცემის, წარმოების, დისტრიბუციის... ადგილი |
თბილისი : |
| გამოცემის, წარმოების, დისტრიბუციის... სახელწოდება |
სტ. "კოლორი, |
| გამოცემის, წარმოების, დისტრიბუციის... თარიღი |
2014. |
| 300 ## - ფიზიკური აღწერა |
| Extent |
362 გვ. ; |
| Dimensions |
24 სმ. |
| Accompanying material |
შემოკლებანი : გვ. 10 |
| 504 ## - BIBLIOGRAPHY, ETC. NOTE |
| Bibliography, etc |
ბიბლიოგრაფია : გვ. 340-362 |
| 653 ## - INDEX TERM--UNCONTROLLED |
| Uncontrolled term |
მედიასამართალი |
| 653 ## - INDEX TERM--UNCONTROLLED |
| Uncontrolled term |
საქართველოს კანონი მაუწყებლობის მოწესრიგების შესახებ |
| 653 ## - INDEX TERM--UNCONTROLLED |
| Uncontrolled term |
საქართველოს კანონი მედიის შესახებ |
| 653 ## - INDEX TERM--UNCONTROLLED |
| Uncontrolled term |
საქართველოს კანონი ინტერნეტის მოწესრიგების შესახებ |
| 700 ## - ADDED ENTRY--PERSONAL NAME |
| Personal name |
ჯორბენაძე, სერგი |
| Relator term |
რედაქტორი |
| 9 (RLIN) |
9343 |
| 710 ## - ADDED ENTRY--CORPORATE NAME |
| Corporate name or jurisdiction name as entry element |
დავით ბატონიშვილის სამართლის ინსტიტუტი |
| 9 (RLIN) |
8185 |
| 942 ## - ADDED ENTRY ELEMENTS (KOHA) |
| Koha item type |
წიგნი |
| Source of classification or shelving scheme |
|